Music Trivia: 1992 Albums and Artists - Statistics

General Stats
  • This quiz has been taken 76 times
    61 since last reset
  • The average score is 5 of 15
Answer Stats
Albums Artists % Correct
The Bodyguard (soundtrack album) Whitney Houston, Various artists
86%
Automatic for the People R.E.M.
74%
Erotica Madonna
68%
Harvest Moon Neil Young
67%
The Chronic Dr. Dre
58%
Incesticide Nirvana
35%
Human Touch Bruce Springsteen
32%
Little Earthquakes Tori Amos
28%
Slanted and Enchanted Pavement
23%
Lucky Town Bruce Springsteen
18%
Love Deluxe Sade
14%
Diva Annie Lennox
12%
A Lot About Livin' (And a Little 'bout Love) Alan Jackson
11%
Ingenue k.d. lang
11%
New Miserable Experience Gin Blossoms
7%
No matching quizzes found
Score Distribution
Percent of People with Each Score
Percentile by Number Answered
Your Score History
You have not taken this quiz since the last reset